[Event "Malaga op 16th"]
[Site "Malaga"]
[Date "2022.10.28"]
[Round "3"]
[White "Altieri, Danilo Mario"]
[Black "Lin, Ying Rui"]
[Result "0-1"]
[WhiteElo "1872"]
[BlackElo "2402"]
[PlyCount "74"]
[EventDate "2022.10.27"]
[EventType "swiss"]
[EventRounds "9"]
[EventCountry "ESP"]
[SourceTitle "EXT 2024"]
[Source "ChessBase"]
[SourceDate "2023.10.10"]
[SourceVersion "1"]
[SourceVersionDate "2023.10.10"]
[SourceQuality "1"]

1. c4 Nf6 2. g3 g6 3. Bg2 Bg7 4. Nc3 c5 5. d3 0-0 6. Bg5 h6 7. Bd2 Nc6 8. Nf3 d6 9. 0-0 Be6 10. e4 Qd7 11. Nd5 Ne8 12. Bc3 Bg4 13. Bxg7 Nxg7 14. Ne3 Bxf3 15. Bxf3 Nd4 16. Bg2 f6 17. Nc2 Nxc2 18. Qxc2 Ne6 19. Qd2 Kh7 20. f4 Nd4 21. f5 g5 22. h4 Rg8 23. h5 g4 24. Kf2 Rg5 25. Rh1 Rag8 26. Rh3 a6 27. Rb1 Nc6 28. a3 b5 29. b4 Ne5 30. cxb5 axb5 31. Rc1 Ra8 32. bxc5 dxc5 33. Rc3 Nc4 34. Qc1 Qd4+ 35. Ke2 Ne5 36. Qc2 b4 37. Rxc5 Qg1 0-1

[Event "Arco op 42nd"]
[Site "Arco"]
[Date "2020.10.14"]
[Round "5.20"]
[White "Altieri, Danilo Mario"]
[Black "Lochte, Thomas"]
[Result "0-1"]
[WhiteElo "1939"]
[BlackElo "2045"]
[PlyCount "56"]
[EventDate "2020.10.10"]
[EventType "swiss"]
[EventRounds "9"]
[EventCountry "ITA"]
[SourceTitle "CBM 198 Extra"]
[Source "ChessBase"]
[SourceDate "2020.11.30"]
[SourceVersion "1"]
[SourceVersionDate "2020.11.30"]
[SourceQuality "1"]

1. d4 Nf6 2. c4 e5 3. dxe5 Ng4 4. e3 Nxe5 5. f4 Ng6 6. Nf3 Bc5 7. Nc3 d6 8. Na4 Qe7 9. Qe2 Nc6 10. Nxc5 dxc5 11. Bd2 Bf5 12. 0-0-0 Qe4 13. Bc3 Qb1+ 14. Kd2 0-0-0+ 15. Ke1 Qxa2 16. Bxg7 Rxd1+ 17. Qxd1 Rd8 18. Qc1 Nb4 19. Kf2 Bd3 20. Be2 Rg8 21. Bf6 Bxe2 22. Kxe2 Nxf4+ 23. exf4 Rxg2+ 24. Ke3 Nc2+ 25. Kd3 Qb3+ 26. Bc3 Nb4+ 27. Ke3 Qxc4 28. Nd4 Qd3# 0-1

[Event "Arvier Spring op"]
[Site "Arvier"]
[Date "2018.04.23"]
[Round "3"]
[White "Serrajotto, Marino"]
[Black "Altieri, Danilo Mario"]
[Result "1-0"]
[WhiteElo "1900"]
[BlackElo "2011"]
[PlyCount "129"]
[EventDate "2018.04.21"]
[EventType "swiss"]
[EventRounds "7"]
[EventCountry "ITA"]
[SourceTitle "CBM 184 Extra"]
[Source "ChessBase"]
[SourceDate "2018.06.28"]
[SourceVersion "1"]
[SourceVersionDate "2018.06.28"]
[SourceQuality "1"]

1. e4 d5 2. exd5 Qxd5 3. Nc3 Qd6 4. d4 Nf6 5. Bg5 a6 6. Nf3 Nc6 7. h3 Bf5 8. Bd3 Bxd3 9. Qxd3 0-0-0 10. 0-0-0 Qb4 11. a3 Qa5 12. Bd2 b5 13. Nd5 Qa4 14. Nc3 Qc4 15. Qxc4 bxc4 16. Bg5 g6 17. d5 Na5 18. Ne5 Rg8 19. Nxf7 Rd7 20. Ne5 Rd6 21. Rhe1 Bg7 22. Nf7 Rd7 23. Bh6 Bxh6+ 24. Nxh6 Rf8 25. f3 Nh5 26. Ng4 Nf4 27. Ne3 Rfd8 28. Rd4 e5 29. Re4 Re8 30. Ng4 Rde7 31. Rxe5 Rxe5 32. Rxe5 Rxe5 33. Nxe5 Nxg2 34. Ne2 Ne3 35. Nc3 Kb7 36. Kd2 Nf5 37. Ne4 Nd4 38. Kc3 Ne2+ 39. Kb4 Kb6 40. Nd7+ Kb7 41. Kxa5 Nf4 42. Nef6 h5 43. Nf8 h4 44. Kb4 g5 45. Kxc4 Nxh3 46. Ne6 Nf2 47. Nxg5 h3 48. Nxh3 Nxh3 49. Nh5 Kc8 50. Kd4 Ng5 51. f4 Nf7 52. c4 Kd7 53. b4 c6 54. dxc6+ Kxc6 55. a4 Kd6 56. c5+ Kc6 57. Kc4 Nd8 58. f5 a5 59. b5+ Kc7 60. Nf4 Nf7 61. Kd5 Kd7 62. c6+ Kc7 63. Ne6+ Kc8 64. c7 Kb7 65. Nd8+ 1-0

[Event "Arvier Spring op"]
[Site "Arvier"]
[Date "2018.04.22"]
[Round "2"]
[White "Altieri, Danilo Mario"]
[Black "Poysti, Nathanael Nicolai"]
[Result "1/2-1/2"]
[WhiteElo "2011"]
[BlackElo "1995"]
[PlyCount "120"]
[EventDate "2018.04.21"]
[EventType "swiss"]
[EventRounds "7"]
[EventCountry "ITA"]
[SourceTitle "CBM 184 Extra"]
[Source "ChessBase"]
[SourceDate "2018.06.28"]
[SourceVersion "1"]
[SourceVersionDate "2018.06.28"]
[SourceQuality "1"]

1. c4 e5 2. g3 Nc6 3. Bg2 f5 4. Nc3 Nf6 5. d3 Bb4 6. Bd2 0-0 7. e3 d6 8. Nge2 Qe8 9. a3 Bxc3 10. Bxc3 f4 11. gxf4 exf4 12. Nxf4 Ng4 13. Qe2 Bd7 14. Bd5+ Kh8 15. Rg1 Nce5 16. d4 Rxf4 17. exf4 Nd3+ 18. Kd2 Qxe2+ 19. Kxe2 Nxf4+ 20. Kd2 Nxd5 21. cxd5 Nxh2 22. Rg2 Nf3+ 23. Ke3 Nh4 24. Rh2 Nf5+ 25. Kd2 Ne7 26. Re1 Nxd5 27. Rh5 c6 28. Bb4 Rf8 29. Bxd6 Rxf2+ 30. Kc1 h6 31. Be5 Kh7 32. Rg1 g6 33. Rh2 Rxh2 34. Bxh2 g5 35. Rf1 Kg6 36. Rf8 a5 37. Kd2 h5 38. Rb8 b6 39. Rd8 Be6 40. Rd6 Kf5 41. Rxc6 h4 42. Bc7 h3 43. Bh2 Bf7 44. Ke2 Ke4 45. Kf2 Kxd4 46. Kg3 b5 47. Kxh3 Nf4+ 48. Bxf4 gxf4 49. Rf6 Bc4 50. Rxf4+ Ke3 51. Kg3 Kd2 52. a4 Kc2 53. axb5 Bxb5 54. Rf5 Bc4 55. Rxa5 Kxb2 56. Kf3 Kc3 57. Ke3 Bg8 58. Rc5+ Bc4 59. Re5 Kb4 60. Kd4 Bf7 1/2-1/2

[Event "Alassio West End op 2nd"]
[Site "Alassio"]
[Date "2016.10.01"]
[Round "3"]
[White "Altieri, Danilo Mario"]
[Black "Passerotti, Pierluigi"]
[Result "0-1"]
[WhiteElo "1977"]
[BlackElo "2269"]
[PlyCount "146"]
[EventDate "2016.09.30"]
[EventType "swiss"]
[EventRounds "5"]
[EventCountry "ITA"]
[SourceTitle "EXT 2018"]
[Source "ChessBase"]
[SourceDate "2017.10.13"]
[SourceVersion "1"]
[SourceVersionDate "2017.10.13"]
[SourceQuality "1"]

1. Nf3 d5 2. g3 c6 3. Bg2 Bf5 4. d4 Nd7 5. c3 h6 6. 0-0 e6 7. Nbd2 Ngf6 8. Ne5 Nxe5 9. dxe5 Ng4 10. Nf3 Be4 11. Qd4 c5 12. Qa4+ Qd7 13. Qxd7+ Kxd7 14. Re1 f6 15. exf6 Nxf6 16. Ne5+ Kc7 17. c4 Bd6 18. Nf7 Rhe8 19. Nxd6 Kxd6 20. Bxe4 dxe4 21. h3 e5 22. Be3 Kc6 23. Red1 Rad8 24. Kf1 a6 25. Ke1 Rd7 26. Rd2 Red8 27. Rad1 b6 28. b3 Ne8 29. Rxd7 Rxd7 30. Rxd7 Kxd7 31. Bd2 h5 32. Bc3 Ke6 33. Kd2 Kf5 34. Ke3 Nf6 35. Bb2 g5 36. Bc3 g4 37. h4 b5 38. cxb5 axb5 39. a4 b4 40. Bb2 Nd5+ 41. Kd2 e3+ 42. fxe3 Ke4 43. a5 Nc7 44. Ba1 Na6 45. Bb2 Kd5 46. Kc2 e4 47. Bf6 Kc6 48. Bd8 Kb5 49. Kb2 Nb8 50. Be7 Nd7 51. Bd8 Ne5 52. Bc7 Nc6 53. Bd6 Nxa5 54. Be7 c4 55. bxc4+ Nxc4+ 56. Kb3 Na5+ 57. Kc2 Kc4 58. Bf6 Nb3 59. Be7 Nc5 60. Bf6 Na4 61. Bg7 Nb6 62. Kb2 Nd5 63. Bd4 Ne7 64. Be5 Nf5 65. Bf4 b3 66. Kc1 Kc3 67. Be5+ Kb4 68. Bf4 Ka3 69. Kb1 b2 70. Be5 Kb3 71. Bf4 Kc3 72. Be5+ Kd2 73. Kxb2 Kxe3 0-1

[Event "Alassio West End op 2nd"]
[Site "Alassio"]
[Date "2016.09.30"]
[Round "1"]
[White "Altieri, Danilo Mario"]
[Black "Joguet, Patrick"]
[Result "1-0"]
[WhiteElo "1977"]
[BlackElo "1647"]
[PlyCount "73"]
[EventDate "2016.09.30"]
[EventType "swiss"]
[EventRounds "5"]
[EventCountry "ITA"]
[SourceTitle "EXT 2018"]
[Source "ChessBase"]
[SourceDate "2017.10.13"]
[SourceVersion "1"]
[SourceVersionDate "2017.10.13"]
[SourceQuality "1"]

1. c4 c5 2. g3 g6 3. Bg2 Bg7 4. Nc3 Nc6 5. d3 Nf6 6. e3 0-0 7. Nge2 d6 8. 0-0 Bg4 9. h3 Bd7 10. g4 Rb8 11. Ng3 Ne5 12. g5 Ne8 13. f4 Nc6 14. h4 Qc8 15. h5 Bg4 16. Bf3 Bd7 17. Qe2 Nc7 18. Rb1 b5 19. cxb5 Nxb5 20. Nxb5 Rxb5 21. b3 Rb8 22. Ne4 Qc7 23. Qh2 Bf5 24. Bb2 Nb4 25. Bxg7 Kxg7 26. h6+ Kg8 27. Qb2 e5 28. a3 Nc6 29. Nf6+ Kh8 30. Bxc6 Qxc6 31. fxe5 d5 32. Nxd5 Qxd5 33. e6+ f6 34. gxf6 Rf7 35. exf7 Qxf7 36. e4 Be6 37. Qe5 1-0

[Event "Mare di Fano op 5th"]
[Site "Fano"]
[Date "2016.08.03"]
[Round "6"]
[White "Virda, Rizka Aulia"]
[Black "Altieri, Danilo Mario"]
[Result "0-1"]
[WhiteElo "1918"]
[BlackElo "2037"]
[PlyCount "144"]
[EventDate "2016.07.30"]
[EventType "swiss"]
[EventRounds "9"]
[EventCountry "ITA"]
[SourceTitle "CBM 173 Extra"]
[Source "ChessBase"]
[SourceDate "2016.08.29"]
[SourceVersion "1"]
[SourceVersionDate "2016.08.29"]
[SourceQuality "1"]

1. e4 d6 2. Nf3 Nf6 3. d3 g6 4. g3 Bg7 5. Bg2 0-0 6. 0-0 e5 7. Nc3 Be6 8. h3 c6 9. Qe2 h6 10. Kh2 Nbd7 11. Ne1 Nh5 12. Be3 Nb6 13. Qd2 g5 14. Qd1 Nf6 15. f4 exf4 16. gxf4 gxf4 17. Bxf4 d5 18. e5 Nfd7 19. Qh5 Kh7 20. Nf3 f6 21. exf6 Nxf6 22. Ng5+ Kg8 23. Nxe6 Nxh5 24. Nxd8 Nxf4 25. Nxb7 Be5 26. Kh1 Rf7 27. Na5 Rc8 28. Rae1 Bd6 29. Nb3 Rg7 30. Rg1 Nh5 31. Ne2 Rf8 32. Ref1 Rxf1 33. Bxf1 Rxg1+ 34. Kxg1 Na4 35. Nbd4 Bc5 36. b3 Nc3 37. Kg2 Nf4+ 38. Nxf4 Bxd4 39. a4 Nd1 40. Be2 Ne3+ 41. Kf3 Nxc2 42. Kg4 Kf7 43. Kh5 Be3 44. Ng2 Bd2 45. Nh4 Nd4 46. Bd1 Kf6 47. Kg4 a5 48. Nf3 Nxf3 49. Kxf3 Ke5 50. Ke2 Bg5 51. Bc2 Kd4 52. Bd1 Kc3 53. Ke1 Kxd3 54. Bg4 Kc3 55. Kd1 Kxb3 56. Bd7 c5 57. Be6 Kc4 58. Kc2 Kd4 59. Kb3 Bd2 60. Bf7 Ke4 61. Bg8 Bb4 62. Bf7 c4+ 63. Kc2 Be1 64. Bg8 Kd4 65. Be6 Kc5 66. Bf7 d4 67. Bg6 Kb4 68. Be8 Bg3 69. Bb5 Bf4 70. Kb2 Be5 71. Kc2 d3+ 72. Kd1 Kc3 0-1

[Event "Mare di Fano op 5th"]
[Site "Fano"]
[Date "2016.08.02"]
[Round "5"]
[White "Altieri, Danilo Mario"]
[Black "Rezzuti, Vincenzo"]
[Result "1/2-1/2"]
[WhiteElo "2037"]
[BlackElo "1937"]
[PlyCount "79"]
[EventDate "2016.07.30"]
[EventType "swiss"]
[EventRounds "9"]
[EventCountry "ITA"]
[SourceTitle "CBM 173 Extra"]
[Source "ChessBase"]
[SourceDate "2016.08.29"]
[SourceVersion "1"]
[SourceVersionDate "2016.08.29"]
[SourceQuality "1"]

1. c4 e6 2. g3 d5 3. Bg2 c6 4. b3 Nf6 5. Bb2 Be7 6. e3 Nbd7 7. Nf3 0-0 8. 0-0 Qc7 9. d3 b6 10. Nbd2 Bb7 11. Qe2 Rac8 12. Rac1 Qb8 13. h3 c5 14. g4 Rfd8 15. Nh2 dxc4 16. Bxb7 Qxb7 17. Nxc4 b5 18. Nd2 Rc7 19. g5 Nd5 20. Ne4 Rdc8 21. Ba3 b4 22. Bb2 Nc3 23. Bxc3 bxc3 24. Rxc3 Qd5 25. h4 Rc6 26. Rfc1 f5 27. gxf6 gxf6 28. Qf3 Kh8 29. Ng3 Qxf3 30. Nxf3 f5 31. b4 Bf6 32. Rc4 Ra6 33. R1c2 Ra3 34. d4 f4 35. Nf1 Rg8+ 36. Kh2 cxd4 37. Nxd4 Ne5 38. Rc8 Ng4+ 39. Kh1 Nxf2+ 40. Kh2 1/2-1/2

[Event "Liguria Region-ch"]
[Site "Spotorno"]
[Date "2016.05.14"]
[Round "3"]
[White "Benvenuti, Cristian"]
[Black "Altieri, Danilo Mario"]
[Result "0-1"]
[WhiteElo "1696"]
[BlackElo "2052"]
[PlyCount "128"]
[EventDate "2016.05.13"]
[EventType "swiss"]
[EventRounds "5"]
[EventCountry "ITA"]
[SourceTitle "EXT 2018"]
[Source "ChessBase"]
[SourceDate "2017.10.13"]
[SourceVersion "1"]
[SourceVersionDate "2017.10.13"]
[SourceQuality "1"]

1. e4 d6 2. d4 Nf6 3. Nc3 e5 4. Nf3 Nbd7 5. Bc4 Be7 6. 0-0 0-0 7. Re1 c6 8. a4 b6 9. h3 Bb7 10. Bf1 Re8 11. g3 a6 12. Bg2 Qc7 13. Nh2 b5 14. b3 b4 15. Nb1 Bf8 16. a5 exd4 17. Qxd4 c5 18. Qd3 d5 19. Bf4 Bd6 20. Bxd6 Qxd6 21. Nd2 Ne5 22. Qe3 dxe4 23. Nxe4 Nxe4 24. Bxe4 Nc4 25. Qd3 Bxe4 26. Qxc4 Bb7 27. Rad1 Qc6 28. f3 h6 29. Kf2 Qc7 30. Ng4 Rxe1 31. Rxe1 Rd8 32. Qe2 h5 33. Ne3 h4 34. Nf5 hxg3+ 35. Nxg3 Qf4 36. Rd1 Rc8 37. Qe3 Qf6 38. Qd3 Re8 39. Qf5 Qe7 40. Rd7 Qe1+ 41. Kg2 Re7 42. Rxe7 Qxe7 43. Kf2 g6 44. Qd3 Qf6 45. Qe3 Qd6 46. Qe2 Qd7 47. Kg2 Bc8 48. Ne4 Qxh3+ 49. Kf2 Qh2+ 50. Ke1 Qe5 51. Kd2 Bb7 52. Nf2 Qd5+ 53. Nd3 Bc6 54. Qe4 Qg5+ 55. Qe3 Qg2+ 56. Qe2 Qxe2+ 57. Kxe2 Bb5 58. Ke3 Bxd3 59. Kxd3 Kf8 60. Kc4 g5 61. Kxc5 f5 62. Kd5 Kf7 63. Kc4 g4 64. Kxb4 gxf3 0-1

[Event "Biella op"]
[Site "Biella"]
[Date "2014.09.27"]
[Round "3"]
[White "Bisi, Samuele"]
[Black "Altieri, Danilo Mario"]
[Result "1-0"]
[WhiteElo "2112"]
[BlackElo "2005"]
[PlyCount "61"]
[EventDate "2014.09.26"]
[EventType "swiss"]
[EventRounds "5"]
[EventCountry "ITA"]
[SourceTitle "EXT 2016"]
[Source "ChessBase"]
[SourceDate "2015.10.08"]
[SourceVersion "1"]
[SourceVersionDate "2015.10.08"]
[SourceQuality "1"]

1. d4 d6 2. c4 e5 3. Nc3 Nf6 4. d5 Be7 5. e4 c6 6. Bd3 Nbd7 7. Nge2 Nc5 8. Bc2 a5 9. f3 Bd7 10. Be3 b6 11. b3 0-0 12. 0-0 h6 13. a3 Na6 14. dxc6 Bxc6 15. Rb1 Rb8 16. b4 axb4 17. axb4 Bd7 18. Qd3 Qc8 19. Rfc1 Qb7 20. g4 Nc7 21. Ng3 b5 22. cxb5 Bxb5 23. Nxb5 Qxb5 24. Nf5 Rfe8 25. Qd2 d5 26. Bd3 Qd7 27. Bxh6 dxe4 28. Bxg7 exd3 29. Rxc7 Qxc7 30. Qg5 Nh7 31. Nh6# 1-0

[Event "Biella op"]
[Site "Biella"]
[Date "2014.09.26"]
[Round "1"]
[White "Sgnaolin, Davide"]
[Black "Altieri, Danilo Mario"]
[Result "1/2-1/2"]
[WhiteElo "2207"]
[BlackElo "2005"]
[PlyCount "49"]
[EventDate "2014.09.26"]
[EventType "swiss"]
[EventRounds "5"]
[EventCountry "ITA"]
[SourceTitle "EXT 2016"]
[Source "ChessBase"]
[SourceDate "2015.10.08"]
[SourceVersion "1"]
[SourceVersionDate "2015.10.08"]
[SourceQuality "1"]

1. e4 d6 2. d4 Nf6 3. Nc3 e5 4. Nf3 Nbd7 5. Bc4 Be7 6. 0-0 0-0 7. Re1 c6 8. a4 a5 9. b3 exd4 10. Nxd4 Ne5 11. Bf1 Qc7 12. Bf4 Rd8 13. Bg3 Qb6 14. f3 Ng6 15. Qd2 Nh5 16. Bf2 Qc7 17. Rad1 Nhf4 18. Be3 Nh5 19. g4 Nf6 20. Nf5 Bxf5 21. gxf5 Ne5 22. Qf2 d5 23. Bd4 dxe4 24. Nxe4 Nxe4 25. fxe4 1/2-1/2

[Event "Padova Del Santo op 1st"]
[Site "Padova"]
[Date "2014.02.15"]
[Round "4"]
[White "Simonetto, Adriano"]
[Black "Altieri, Danilo Mario"]
[Result "1-0"]
[WhiteElo "2055"]
[BlackElo "1978"]
[PlyCount "51"]
[EventDate "2014.02.14"]
[EventType "swiss"]
[EventRounds "5"]
[EventCountry "ITA"]
[SourceTitle "EXT 2022"]
[Source "ChessBase"]
[SourceDate "2021.10.06"]
[SourceVersion "1"]
[SourceVersionDate "2021.10.06"]
[SourceQuality "1"]

1. d4 d5 2. c4 e6 3. Nc3 f5 4. g3 c6 5. Bg2 Nf6 6. Nf3 Bd6 7. 0-0 Nbd7 8. b3 0-0 9. Bb2 Ne4 10. Nd2 Qf6 11. Ndxe4 fxe4 12. f3 exf3 13. Rxf3 Qe7 14. e4 dxe4 15. Nxe4 Nf6 16. Nxd6 Qxd6 17. a4 Rd8 18. Qe2 c5 19. d5 exd5 20. Rxf6 gxf6 21. Bxd5+ Kf8 22. Qh5 Be6 23. Qh6+ Ke7 24. Re1 Rf8 25. Qxh7+ Rf7 26. Qf5 1-0

[Event "Milan op 02"]
[Site "Milan"]
[Date "2012.02.19"]
[Round "6"]
[White "Altieri, Danilo Mario"]
[Black "Coppola, Federico"]
[Result "1-0"]
[WhiteElo "1980"]
[BlackElo "1814"]
[PlyCount "67"]
[EventDate "2012.02.15"]
[EventType "swiss"]
[EventRounds "6"]
[EventCountry "ITA"]
[SourceTitle "EXT 2014"]
[Source "ChessBase"]
[SourceDate "2013.11.20"]
[SourceVersion "1"]
[SourceVersionDate "2013.11.20"]
[SourceQuality "1"]

1. Nf3 Nf6 2. g3 g6 3. Bg2 Bg7 4. 0-0 0-0 5. d3 c5 6. e4 d6 7. c3 Nc6 8. Nbd2 Qb6 9. Nc4 Qc7 10. Ne3 Bd7 11. Re1 Rac8 12. h3 b5 13. Nd5 Nxd5 14. exd5 Ne5 15. Nxe5 Bxe5 16. Bg5 e6 17. Bh6 Bg7 18. Bxg7 Kxg7 19. d4 cxd4 20. dxe6 fxe6 21. Qxd4+ e5 22. Qd2 Qc5 23. Rad1 Rf6 24. Qe3 Qc7 25. Rd2 Rcf8 26. Red1 R8f7 27. g4 Bc6 28. g5 Re6 29. Rxd6 Bd7 30. R6d2 Bc6 31. Bd5 Bxd5 32. Rxd5 a6 33. Qg3 Rfe7 34. Qh4 1-0

[Event "Milan op 02"]
[Site "Milan"]
[Date "2012.02.19"]
[Round "5"]
[White "Virzi, Ettore"]
[Black "Altieri, Danilo Mario"]
[Result "1/2-1/2"]
[WhiteElo "1960"]
[BlackElo "1980"]
[PlyCount "105"]
[EventDate "2012.02.15"]
[EventType "swiss"]
[EventRounds "6"]
[EventCountry "ITA"]
[SourceTitle "EXT 2014"]
[Source "ChessBase"]
[SourceDate "2013.11.20"]
[SourceVersion "1"]
[SourceVersionDate "2013.11.20"]
[SourceQuality "1"]

1. e4 d5 2. exd5 Nf6 3. Nf3 Nxd5 4. d4 g6 5. c4 Nb6 6. Nc3 Bg7 7. c5 Nd5 8. Bc4 c6 9. 0-0 0-0 10. Re1 h6 11. Qb3 Nxc3 12. bxc3 e6 13. Rb1 b5 14. cxb6 axb6 15. Qxb6 Qxb6 16. Rxb6 Ba6 17. Bxa6 Rxa6 18. Rxa6 Nxa6 19. Bf4 Rc8 20. Rc1 c5 21. Be3 cxd4 22. cxd4 Ra8 23. a3 Bf8 24. Rc3 Bg7 25. Rb3 Nc7 26. g3 Nd5 27. Bc1 g5 28. h3 Ne7 29. Bb2 Nc6 30. Ne5 Nxe5 31. dxe5 Ra5 32. f4 Kh7 33. Bc3 Ra7 34. Kg2 Kg6 35. Kf3 gxf4 36. Kxf4 h5 37. Bb4 Rd7 38. Bd6 Bh6+ 39. Ke4 Ra7 40. Rd3 Bc1 41. Bb4 Ra4 42. Kf3 Bb2 43. Bd6 Kf5 44. Re3 Ra5 45. g4+ hxg4+ 46. hxg4+ Kg5 47. Be7+ Kg6 48. Bd6 Kg5 49. Rb3 Bxe5 50. Bxe5 Rxe5 51. a4 Kf6 52. Rb5 Re1 53. g5+ 1/2-1/2

[Event "Liguria Region-ch"]
[Site "Spotorno"]
[Date "2011.04.16"]
[Round "3"]
[White "Pagliari, Lino"]
[Black "Altieri, Danilo Mario"]
[Result "0-1"]
[WhiteElo "1431"]
[BlackElo "1977"]
[PlyCount "70"]
[EventDate "2011.04.15"]
[EventType "swiss"]
[EventRounds "5"]
[EventCountry "ITA"]
[SourceTitle "EXT 2024"]
[Source "ChessBase"]
[SourceDate "2023.10.10"]
[SourceVersion "1"]
[SourceVersionDate "2023.10.10"]
[SourceQuality "1"]

1. e4 d5 2. Nc3 d4 3. Na4 e5 4. Nf3 Bd6 5. c3 c5 6. Bc4 a6 7. b3 b5 8. Bd5 Ra7 9. Nb2 Nf6 10. c4 Nxd5 11. cxd5 0-0 12. 0-0 f5 13. d3 fxe4 14. dxe4 Bg4 15. Bg5 Be7 16. Bxe7 Rxe7 17. Nd3 Bxf3 18. Qxf3 Rxf3 19. gxf3 c4 20. Nc5 Qf8 21. d6 Rf7 22. Ne6 Qxd6 23. Ng5 Qg6 24. h4 h6 25. Kh1 hxg5 26. Rg1 Qh5 27. Rg4 Rxf3 28. Kg2 Qxg4+ 29. Kf1 d3 30. bxc4 Qh3+ 31. Kg1 bxc4 32. Rd1 Qxh4 33. Rd2 c3 34. Rd1 Qxf2+ 35. Kh1 Rh3# 0-1

[Event "Milan Province-ch"]
[Site "Milan"]
[Date "2008.02.02"]
[Round "1"]
[White "Altieri, Danilo Mario"]
[Black "Parise, Mariano"]
[Result "1-0"]
[WhiteElo "1989"]
[BlackElo "1604"]
[PlyCount "57"]
[EventDate "2008.02.02"]
[EventType "swiss"]
[EventRounds "5"]
[EventCountry "ITA"]
[SourceTitle "EXT 2011"]
[Source "ChessBase"]
[SourceDate "2010.11.26"]
[SourceVersion "1"]
[SourceVersionDate "2010.11.26"]
[SourceQuality "1"]

1. Nf3 d5 2. d4 Nf6 3. c3 e6 4. Bg5 Be7 5. e3 b6 6. Bd3 Bb7 7. Bxf6 Bxf6 8. Nbd2 Nd7 9. b4 e5 10. Bc2 e4 11. Ng1 Be7 12. Ne2 Nf6 13. Ba4+ c6 14. b5 c5 15. dxc5 Bxc5 16. Nd4 Qd7 17. Bb3 0-0 18. a4 Ng4 19. h3 Ne5 20. Bc2 f5 21. N2b3 Bd6 22. Qh5 g6 23. Qg5 Kg7 24. g4 h6 25. Qh4 g5 26. Qh5 fxg4 27. hxg4 Nxg4 28. Bd1 Qf5 29. Nxf5+ 1-0

[Event "Gorgonzola op-B 12th"]
[Site "Gorgonzola"]
[Date "2007.11.18"]
[Round "5"]
[White "Altieri, Danilo Mario"]
[Black "Brunello, Roberta"]
[Result "1/2-1/2"]
[WhiteElo "1948"]
[BlackElo "1938"]
[PlyCount "149"]
[EventDate "2007.11.10"]
[EventType "swiss"]
[EventRounds "6"]
[EventCountry "ITA"]
[SourceTitle "EXT 2010"]
[Source "ChessBase"]
[SourceDate "2010.11.25"]
[SourceVersion "1"]
[SourceVersionDate "2010.11.25"]
[SourceQuality "1"]

1. d4 d5 2. Nf3 Nf6 3. c3 c6 4. Qb3 Qc7 5. Bg5 Ne4 6. Bh4 Nd7 7. Nbd2 Nxd2 8. Nxd2 e5 9. Bg3 Bd6 10. e3 0-0 11. Be2 Nf6 12. Nf3 e4 13. Ne5 Nd7 14. Nxd7 Bxd7 15. Bxd6 Qxd6 16. c4 dxc4 17. Bxc4 b5 18. Be2 c5 19. dxc5 Qxc5 20. 0-0 a6 21. Rac1 Qg5 22. Rfd1 Be6 23. Qb4 f5 24. a3 Rae8 25. Qd6 f4 26. exf4 Rxf4 27. g3 Rf6 28. Qd2 Qf5 29. Qe3 Ref8 30. Rf1 Rh6 31. h4 Qh3 32. Qxe4 Rhf6 33. Qg2 Qf5 34. f4 Rd8 35. Rcd1 Qc5+ 36. Qf2 Qc7 37. Rxd8+ Qxd8 38. Rd1 Qe7 39. Qd4 Rf8 40. Qe5 Re8 41. Bf3 Bb3 42. Qxe7 Rxe7 43. Rd2 Re1+ 44. Kf2 Rc1 45. Be4 Bc4 46. Kf3 h6 47. Bg6 Kf8 48. Kg4 Ke7 49. Bd3 Be6+ 50. f5 Bd7 51. a4 bxa4 52. Bxa6 g6 53. Bd3 Rc5 54. Rf2 Kf6 55. Rf4 Rd5 56. Bc2 h5+ 57. Kf3 Bxf5 58. Bxa4 Rd3+ 59. Kg2 Ke5 60. Rf2 Rd4 61. Bc2 Bxc2 62. Rxc2 Rb4 63. Kf3 Rb3+ 64. Kf2 Kf5 65. Rc5+ Kf6 66. Rc2 Kf5 67. Kg2 Kg4 68. Rc4+ Kf5 69. Rf4+ Ke5 70. Rf2 Ke6 71. Kh3 Ke5 72. Rc2 Kf5 73. Rc5+ Kf6 74. Rc6+ Kf5 75. Rc5+ 1/2-1/2

[Event "Gorgonzola op-B 12th"]
[Site "Gorgonzola"]
[Date "2007.11.11"]
[Round "2"]
[White "Quagliarella, Sabino Remo"]
[Black "Altieri, Danilo Mario"]
[Result "0-1"]
[WhiteElo "1950"]
[BlackElo "1948"]
[PlyCount "86"]
[EventDate "2007.11.10"]
[EventType "swiss"]
[EventRounds "6"]
[EventCountry "ITA"]
[SourceTitle "EXT 2010"]
[Source "ChessBase"]
[SourceDate "2010.11.25"]
[SourceVersion "1"]
[SourceVersionDate "2010.11.25"]
[SourceQuality "1"]

1. d4 d5 2. Nf3 c6 3. Nbd2 e6 4. e4 Nd7 5. Bd3 dxe4 6. Nxe4 Ngf6 7. 0-0 Nxe4 8. Bxe4 Nf6 9. Bd3 c5 10. Bb5+ Bd7 11. Qe2 Bxb5 12. Qxb5+ Qd7 13. Qxd7+ Nxd7 14. Be3 Be7 15. Rad1 0-0 16. c4 cxd4 17. Bxd4 Rfd8 18. Rfe1 Nf6 19. Bc3 Rac8 20. b3 Rxd1 21. Rxd1 b5 22. Ne5 Ne4 23. Bb2 f6 24. Rd7 Bc5 25. Nd3 Bb6 26. Bd4 bxc4 27. bxc4 Rxc4 28. Bxb6 axb6 29. g3 Nc5 30. Rc7 Ra4 31. Nc1 Rb4 32. Kg2 Rb2 33. a3 Rc2 34. Nd3 Nxd3 35. Rb7 Rxf2+ 36. Kh3 Rb2 37. a4 Rb4 38. Ra7 Nc5 39. a5 bxa5 40. Rxa5 Ne4 41. Ra7 Ng5+ 42. Kg2 Rb2+ 43. Kh1 Nf3 0-1

[Event "Napoli Vomero Settembre op 4th"]
[Site "Napoli"]
[Date "2007.10.18"]
[Round "4"]
[White "Altieri, Danilo Mario"]
[Black "Vannini, Aldo"]
[Result "1-0"]
[WhiteElo "1967"]
[BlackElo "1959"]
[PlyCount "49"]
[EventDate "2007.09.27"]
[EventType "swiss"]
[EventRounds "6"]
[EventCountry "ITA"]
[SourceTitle "EXT 2010"]
[Source "ChessBase"]
[SourceDate "2010.11.25"]
[SourceVersion "1"]
[SourceVersionDate "2010.11.25"]
[SourceQuality "1"]

1. d4 d5 2. Nf3 Nf6 3. c3 e6 4. Bg5 Be7 5. e3 c6 6. Bxf6 Bxf6 7. Bd3 Nd7 8. Nbd2 Be7 9. 0-0 Nf6 10. Ne5 0-0 11. f4 c5 12. g4 Qc7 13. g5 Nd7 14. Bxh7+ Kxh7 15. Qh5+ Kg8 16. Rf3 g6 17. Qh6 Bxg5 18. Qxg5 Nxe5 19. fxe5 f5 20. exf6 Qh7 21. f7+ Rxf7 22. Qd8+ Kg7 23. Rxf7+ Kxf7 24. Rf1+ Kg7 25. Qf8# 1-0

[Event "Napoli Vomero Settembre op 4th"]
[Site "Napoli"]
[Date "2007.09.27"]
[Round "1"]
[White "Ficco, Corrado"]
[Black "Altieri, Danilo Mario"]
[Result "1/2-1/2"]
[WhiteElo "2158"]
[BlackElo "1967"]
[PlyCount "80"]
[EventDate "2007.09.27"]
[EventType "swiss"]
[EventRounds "6"]
[EventCountry "ITA"]
[SourceTitle "EXT 2010"]
[Source "ChessBase"]
[SourceDate "2010.11.25"]
[SourceVersion "1"]
[SourceVersionDate "2010.11.25"]
[SourceQuality "1"]

1. e4 d5 2. exd5 Nf6 3. c4 c6 4. d4 cxd5 5. Nc3 e6 6. c5 Nc6 7. Bb5 Bd7 8. Nf3 Qc7 9. 0-0 Be7 10. Bxc6 Bxc6 11. Ne5 0-0 12. Bf4 Qd8 13. Re1 Nd7 14. b4 Nxe5 15. Bxe5 Bf6 16. Bd6 Re8 17. a4 a6 18. Qd3 b5 19. axb5 Bxb5 20. Nxb5 axb5 21. f4 Qd7 22. g3 Qc6 23. Kg2 g6 24. Qc3 Bg7 25. Rxa8 Rxa8 26. Ra1 Rd8 27. Qd3 Bf8 28. Bxf8 Kxf8 29. Ra5 Rb8 30. Qa3 Qc7 31. Ra8 Rxa8 32. Qxa8+ Ke7 33. Kf3 h5 34. Kg2 h4 35. Kh3 hxg3 36. hxg3 Kf6 37. Qh8+ Ke7 38. Qh4+ Ke8 39. Qf6 Qa7 40. Qe5 Qa1 1/2-1/2